Counting in Words - One Minute Sprint - Statistics

General Stats
  • This quiz has been taken 1,908 times
  • The average score is 29 of 60
Answer Stats
number % Correct
one
100%
five
99%
four
99%
three
99%
two
99%
eight
98%
eleven
98%
nine
98%
seven
98%
six
98%
ten
98%
twelve
96%
fourteen
95%
thirteen
95%
sixteen
93%
fifteen
92%
seventeen
92%
eighteen
91%
nineteen
91%
twenty
91%
twenty one
88%
twenty two
86%
twenty three
82%
twenty four
78%
twenty five
75%
twenty six
71%
twenty seven
65%
twenty eight
60%
twenty nine
55%
thirty
52%
thirty one
45%
thirty two
39%
thirty three
34%
thirty four
29%
thirty five
26%
thirty six
21%
thirty seven
17%
thirty eight
14%
thirty nine
11%
forty
10%
forty one
7%
forty two
6%
fifty
4%
forty four
4%
forty three
4%
forty five
3%
forty six
3%
fifty one
2%
forty eight
2%
forty nine
2%
forty seven
2%
sixty
2%
fifty five
1%
fifty three
1%
fifty two
1%
fifty eight
0%
fifty four
0%
fifty nine
0%
fifty seven
0%
fifty six
0%
No matching quizzes found
Score Distribution
Percent of People with Each Score
Percentile by Number Answered
Your Score History
You have not taken this quiz